000 00716nam a22001937a 4500
005 20100723114831.0
010 _aENG-96573
020 _a8173815887
_c120.00
035 _aEN-80106
037 _bDBAD/PUB
100 _aHarwani, Shilpa
_9925
245 _aHomoeopathy in treatment of phychological disorders /
_cby Shilpa Harwani
260 _aKolkata
_bNew Central Book Agency
_c2008
270 _a8/1 Chintamoni das Lane
_bKolkata
_e700009
300 _a184p.
_c22cm (pbk)
500 _aIncludes index
942 _2ddc
_cEN
_h616.891
_mHAR
999 _c37340
_d37340